Statistics for Spain Euro 2012 Squad

Click here to take the quiz!

General Stats

  • This quiz has been taken 2,413 times
  • The average score is 17 of 23

Answer Stats

ClubPositionAnswer% Correct
Real MadridGKIker Casillas
97%
Real MadridDFSergio Ramos
96%
BarcelonaMDXavi
95%
ChelseaSTFernando Torres
94%
BarcelonaMDAndreas Iniesta
94%
BarcelonaGKVictor Valdes
93%
BarcelonaDFGerard Pique
92%
LiverpoolGKPepe Reina
89%
Manchester CityMDDavid Silva
87%
BarcelonaMDSergio Busquets
82%
Real MadridMDXabi Alonso
82%
BarcelonaMDCesc Fabregas
75%
BarcelonaSTPedro
74%
ChelseaMDJuan Mata
72%
ValenciaDFJordi Alba
69%
Real MadridDFAlvaro Arbeloa
69%
Athletic BilbaoSTFernando Llorente
61%
SevillaMDJesus Navas
56%
Real MadridDFRaul Albiol
51%
Atletico MadridDFJuanfran
45%
SevillaSTAlvaro Negredo
45%
Athletic BilbaoDFJavi Martinez
42%
MalagaMDSanti Cazorla
42%

Score Distribution

Percentile by Number Answered

Percent of People with Each Score

Your Score History

You have not taken this quiz